000 00469nam a2200193Ia 4500
005 20250603144731.0
008 250603s9999 xx 000 0 und d
020 _a9780131355583
050 _aHF 5686 .C8 .H59/
100 _aHorngren, Charles T.
245 0 _aCost acccounting: a managerial emphasis
250 _a13th ed.
260 _aNew Jersey
260 _bPearson Education
260 _c2009
300 _a896 p
650 _aNew Jersey
942 _cBK
999 _c39793
_d39793